8th International Scientific Conference on Technology Systems Operation Prešov, Slovak Republic, 21.-23. November 2007

Bibliographic Details
Corporate Author: Technology Systems Operation Prešov, Slovensko
Other Authors: Hloch, Sergej, 1975- (Editor)
Format: Conference Proceeding Book
Language:English
PhysicalDescription:403 s. fotogr., grafy, sch., tab. 29 cm
Vydané aj v elektronickej forme
Published: Prešov FVT TU 2007
ISBN:9788080739003 (brož.)
Subjects:

MARC

LEADER 00000nam a2200000 a 4500
001 vtls009174890
003 SK-MaSNL
005 20260301023724.0
008 250414s2007 xo obl f a 001 0 eng
015 |a SNBA2008/04-01576 
020 |a 9788080739003 (brož.) 
035 |a c18d332b-b458-4c6e-a4f0-0ae4c59a372c 
035 |a urn:nbn:sk:snk-amjsvr 
035 |a urn:nbn:sk:snk:ar-a0bzo3 
040 |a SNK  |b slo  |c SNK  |e AACR2 
041 0 |a eng  |b eng 
044 |a xo  |c SK 
072 7 |a 62  |x Technika všeobecne  |2 konspekt 
072 7 |a 681.5  |x Automatizačná a riadiaca technika  |2 konspekt 
080 |a 62:005.83  |2 2001 
080 |a 658.5  |2 2001 
080 |a 681.5  |2 2001 
080 |a (062.534)  |2 2001 
111 2 |a Technology Systems Operation  |n (8. :  |d 2007 :  |c Prešov, Slovensko)  |9 135252 
245 0 0 |a 8th International Scientific Conference on Technology Systems Operation  |b Prešov, Slovak Republic, 21.-23. November 2007  |c edited by Hloch, S. ... [et al.] 
246 3 |a The eighth International Scientific Conference on Technology Systems Operation 
260 |a Prešov  |b FVT TU  |c 2007 
300 |a 403 s.  |b fotogr., grafy, sch., tab.  |c 29 cm 
500 |a Náz. z obalu 
500 |a Vyd. TU Košice so sídlom v Prešove 
504 |a Bibliogr. odkazy; Men. a predm. reg. 
530 |a Vydané aj v elektronickej forme 
546 |a Res. angl. 
650 0 7 |a výrobné procesy  |2 SNKPH  |9 49951 
650 0 7 |a výrobné technológie  |2 SNKPH  |9 4198 
650 0 7 |a automatizácia  |2 SNKPH  |9 1428 
650 0 7 |a Manufacturing processes  |2 SNKPHeng  |9 302679 
650 0 7 |a Manufacturing technology  |2 SNKPHeng  |9 265634 
650 0 7 |a Automation  |2 SNKPHeng  |9 277006 
655 7 |a zborníky konferencií  |2 SNKPH  |9 70153 
655 7 |a Proceedings of conferences  |2 SNKPHeng  |9 265791 
655 7 |a issue_zb  |2 SNK  |9 276493 
700 1 |a Hloch, Sergej,  |d 1975-  |4 edt  |9 120559 
776 1 |t Proceedings of Technology Systems Operation  |w vtls010519837 
852 |a Slovenská národná knižnica 
919 |a 978-80-8073-900-3 
954 |a odborná, vedecká literatúra pôvodná (slovenská)  |2 lita 
954 |a odborná, vedecká literatúra cudzojazyčná (svetová)  |2 lita 
958 |a OND 
958 |a ART 
968 |d 0 
999 |c 569751  |d 571681 
952 |a SNK  |b SNK  |y PREZ  |7 0  |p 17A0575783  |o snkSB 75516  |i snk2008/1273  |8 0  |0 0  |1 0  |4 0  |d 2008-01-17  |f 1  |l 0  |r 2025-04-28 00:00:00  |w 2026-02-23 
952 |a SNK  |b SNK  |y VYP  |7 0  |p 17A0575784  |o snkSB 75516 D1  |i snk2008/1274  |8 0  |0 0  |1 0  |4 0  |d 2008-01-17  |l 0  |r 2016-06-30 00:00:00  |w 2026-02-23